[Event "Challenge"]
[Site "http://www.queenalice.com/game.php?id=106502"]
[Date "2006.9.16"]
[Round "-"]
[White "Luisar_Colegiao"]
[Black "fabio_colegiao"]
[Result "1-0"]
[WhiteElo "1289"]
[BlackElo "1086"]

1. e4 e6 2. d4 d5 3. e5 c5 4. c3 Nc6 5. Nf3 Qb6 6. Bd3 cxd4 7. cxd4 f6 8. exf6
Nxf6 9. O-O Nxd4 10. Nxd4 Qxd4 11. Bb5+ Bd7 12. Qxd4 Bxb5 13. Qb4 Bxb4 14. Nc3
Bxf1 15. Kxf1 Bxc3 16. bxc3 O-O 17. Rb1 Rac8 18. Bg5 1-0

[Event "Challenge"]
[Site "http://www.queenalice.com/game.php?id=106504"]
[Date "2006.9.16"]
[Round "-"]
[White "PauloH_Colegiao"]
[Black "Luisar_Colegiao"]
[Result "1-0"]
[WhiteElo "1005"]
[BlackElo "1245"]

1. e4 e5 2. Nc3 Nf6 3. f4 d5 4. fxe5 Nxe4 5. Nf3 Be7 6. Qe2 Nxc3 7. dxc3 c5 8.
Qb5+ Bd7 9. Qxb7 Nc6 10. Bb5 Rb8 11. Qa6 O-O 12. Bxc6 Bxc6 13. Qxc6 Rb6 14. Qa4
d4 15. cxd4 cxd4 16. O-O Rb4 17. Qxa7 Qd5 18. Nd2 Bg5 19. a3 Rb7 20. Qa4 Be3+
21. Kh1 Rb6 22. Nc4 Rg6 23. Nxe3 dxe3 24. Rg1 e2 25. Be3 Qxe5 26. Qb3 Rf6 27.
Rae1 Rf5 28. Rxe2 Rh5 29. g3 Qe4+ 30. Rgg2 Rd8 31. Kg1 Rd1+ 32. Kf2 Rf5+ 33. Bf4
Qd4+ 34. Re3 Rd2+ 35. Kf3 g6 36. Re8+ Kg7 37. Qb8 Qd5+ 38. Re4 Rd1 39. Re2 1-0

[Event "Challenge"]
[Site "http://www.queenalice.com/game.php?id=106512"]
[Date "2006.9.16"]
[Round "-"]
[White "Luisar_Colegiao"]
[Black "Junior_Colegiao"]
[Result "0-1"]
[WhiteElo "1317"]
[BlackElo "1642"]

1. e4 e5 2. Nc3 Nf6 3. f4 d5 4. fxe5 Nxe4 5. Nf3 Bg4 6. Qe2 Ng5 7. d3 Nxf3+ 8.
gxf3 Be6 9. Bf4 Qh4+ 10. Bg3 Qb4 0-1

[Event "Challenge"]
[Site "http://www.queenalice.com/game.php?id=106514"]
[Date "2006.9.16"]
[Round "-"]
[White "Luisar_Colegiao"]
[Black "prmntgen"]
[Result "0-1"]
[WhiteElo "1383"]
[BlackElo "1506"]

1. e4 e5 2. Nc3 Nc6 3. f4 d6 4. Nf3 Bg4 5. h3 Bh5 6. g4 Nd4 7. gxh5 Nxf3+ 8.
Qxf3 Qh4+ 9. Qf2 Qxf2+ 10. Kxf2 h6 11. d3 Nf6 12. fxe5 dxe5 13. Be3 Nxh5 14. Rd1
c5 15. Ke2 Ng3+ 16. Kd2 Nxh1 17. Kc1 Ng3 18. Nd5 O-O-O 19. Bg2 g5 20. Bf2 Ne2+
21. Kb1 Nf4 22. Nxf4 gxf4 23. Bh4 Rd6 24. Bf2 Rf6 25. h4 Kb8 26. h5 Rg8 27. Bh4
Ra6 28. Bh3 b5 29. Bd7 b4 30. Bb5 Rd6 31. Bf2 Rb6 32. Bc4 Be7 33. Bxf7 Rf8 34.
Bd5 a5 35. Rg1 Ra6 36. Rg7 Ra7 37. Rh7 f3 38. Rxh6 Bf6 39. Rg6 Rg7 40. Bxc5 Rxg6
41. hxg6 Rh8 42. Kc1 Rh4 43. Bb6 Bg5+ 44. Kd1 Rh1+ 45. Bg1 Rxg1# 0-1

[Event "Challenge"]
[Site "http://www.queenalice.com/game.php?id=106610"]
[Date "2006.9.16"]
[Round "-"]
[White "Luisar_Colegiao"]
[Black "kane"]
[Result "0-1"]
[WhiteElo "1571"]
[BlackElo "1217"]

1. e4 e6 2. d4 Nh6 3. Nc3 Qf6 4. Nf3 Na6 5. Bg5 Qg6 6. Bxh6 Qxh6 7. Qd3 Nb4 8.
Qe2 b6 9. g4 Ba6 10. Qe3 Qxe3+ 0-1

[Event "Olá"]
[Site "http://www.queenalice.com/game.php?id=107427"]
[Date "2006.9.18"]
[Round "-"]
[White "marlon2006"]
[Black "Luisar_Colegiao"]
[Result "1-0"]
[WhiteElo "1542"]
[BlackElo "1256"]

1. e4 e5 2. Nf3 Nc6 3. Bc4 Nf6 4. Ng5 d5 5. exd5 Nxd5 6. d3 Be7 7. Ne4 Bf5 8.
Qf3 Bxe4 9. dxe4 O-O 10. Bxd5 Nd4 11. Qd3 c6 12. Bb3 Qb6 13. Be3 Bb4+ 14. c3
Rfd8 15. cxb4 Nxb3 16. Bxb6 Rxd3 17. axb3 Rb8 18. Rxa7 Rxb3 19. O-O Rxb4 20. Bc5
Rxb2 21. Bd6 Rd8 22. Bxe5 Re2 23. Nc3 1-0

[Event "Challenge"]
[Site "http://www.queenalice.com/game.php?id=107987"]
[Date "2006.9.20"]
[Round "-"]
[White "Luisar_Colegiao"]
[Black "JulioCG"]
[Result "0-1"]
[WhiteElo "1308"]
[BlackElo "1301"]

1. e4 c5 2. Nf3 e6 3. d4 cxd4 4. Qxd4 Nc6 5. Qd3 d6 6. Nc3 a6 7. Bf4 e5 8. Bg3
Nf6 9. O-O-O Nd7 10. Bh4 f6 11. g3 Be7 12. Bh3 Nc5 0-1

[Event "Challenge"]
[Site "http://www.queenalice.com/game.php?id=113253"]
[Date "2006.10.5"]
[Round "-"]
[White "AnnE"]
[Black "Luisar_Colegiao"]
[Result "1-0"]
[WhiteElo "1591"]
[BlackElo "1263"]

1. e4 c5 2. Nf3 Nc6 3. d4 Nf6 4. Nc3 e6 5. Be3 Be7 6. dxc5 O-O 7. Bc4 d5 8. exd5
exd5 9. Nxd5 Nxd5 10. Qxd5 Be6 11. Qxd8 Rfxd8 12. Bd3 Rab8 13. O-O b6 14. cxb6
axb6 15. a3 Bc5 16. Ng5 Re8 17. b4 Bxe3 18. fxe3 Ne5 19. Nxe6 Rxe6 20. Rfe1 Nxd3
21. cxd3 Rd8 22. Rad1 b5 23. d4 Ra6 24. Ra1 1-0